000 00755nam a2200253 a 4500
001 61404
003 BD-RjUL
005 20211209080945.0
008 170117s2006 ii ||||| b||| 001 0 eng d
020 _a812612380X
035 _a(BD-RjUL)61528
040 _aBD-RjUL
_beng
_cBD-RjUL
041 _aeng
082 _222
_a297.77
_bEDU 2006
245 0 0 _aEducation in Islam /
_ceditor : M. Mukarram Ahmed
260 _aNew Delhi :
_bAnmol Publications,
_c2006
300 _axix, 438 p. ;
_c24 cm.
490 _aEncyclopaedia of Islam series.
504 _aIncludes bibliography and index
650 _aIslamic education.
_9178274
700 _aAhmed, M. Mukarram, editor
_9183065
830 _aEncyclopaedia of Islam series
_9183067
942 _2ddc
_cBK
999 _c61404
_d61404